| 000 | 00827nam a22001817a 4500 | ||
|---|---|---|---|
| 003 | OSt | ||
| 005 | 20131213174201.0 | ||
| 008 | 130620s1999 sp ||||| |||| 00| 0 spa d | ||
| 040 | _cCDMR | ||
| 245 |
_aActas de las sesiones preparatorias celebradas por la Comisión Ejecutiva y de la Junta General Constituyente _b: [Madrid 1895 (4 febrero- 6 junio)] |
||
| 260 |
_aMadrid _bAsociación de la Prensa de Madrid _c1999 |
||
| 300 | _a77 p. | ||
| 500 | _aConté la reproducció facsímil de les Actes de les primeres reunions, celebrades a Madrid entre el 4 de febrer i el 6 de juny de 1895, que van donar lloc a l'actual associació. | ||
| 610 | 2 |
_987 _aAsociación de la Prensa de Madrid |
|
| 650 | 0 | 4 |
_9216 _aAssociacions de professionals i tècnics _xHistòria |
| 710 | 2 |
_987 _aAsociación de la Prensa de Madrid |
|
| 942 |
_2udc _cMON |
||
| 999 |
_c6506 _d6506 |
||